000
00286nam a22001217a 4500
082
_a
620.0042 HAN'W
100
_a
HOLT, J.M,WILSON, F.W
_9
57089
245
_a
HANDBOOK OF FIXTURE DESIGN
250
_a
1ST
260
_a
NEWYORK
_b
MCGRAW HILL
_c
1962
300
_a
XIII, 15-22
942
_c
BK
999
_c
567392
_d
567392